Réseau LiA - Le Havre - Statistiques

Statistiques générales
  • Ce quiz a été pris 46 fois
    11 depuis la dernière actualisation
  • Le résultat moyen est 41 sur 52
Statistiques - réponses
Ligne Terminus % Correct
A Grand Hameau
100%
C3 Grand Hameau
100%
C4 Grand Hameau
100%
10 Grand Hameau
100%
13 Grand Hameau
100%
14 Grand Hameau
100%
C3 Graville
100%
C1 Cité des Abbesses
86%
12 Cité des Abbesses
86%
17 Cité des Abbesses
86%
C5 Dollemard
86%
13 Etretat Le Grandval
86%
21 Etretat Le Grandval
86%
C4 Gares
86%
9 Gares
86%
11 Gares
86%
11E Gares
86%
12 Gares
86%
15 Gares
86%
16 Gares
86%
18 Gares
86%
19 Gares
86%
21 Gares
86%
25 Gares
86%
C2 Grand Quai
86%
C6 Hôtel de ville
86%
C7 Hôtel de ville
86%
C8 Hôtel de Ville
86%
C1 La Hève
86%
A La Plage
86%
B La Plage
86%
F Lycée Claude Monet
86%
B Pré Fleuri
86%
C2 Soquence
86%
C7 Caucriauville
71%
11 Cours Sainte-Croix
71%
11E Cours Sainte-Croix
71%
C5 La Voûte
71%
9 Mont Lecomte
71%
19 Mont Lecomte
71%
10 Parc de l’Estuaire
71%
14 Parc de l’Estuaire
71%
17 Parc de l’Estuaire
71%
20 Parc de l’Estuaire
71%
C6 Mont Gaillard
57%
C8 Mont Gaillard
57%
16 Mont Gaillard
57%
F Place Thiers
57%
20 Place d’Armes
43%
15 Zone industrielle et portuaire
29%
18 Zone industrielle et portuaire
29%
25 Zone industrielle et portuaire
29%
Aucun quiz correspondant
Distribution des résultats
% des personnes avec chaque résultat
Percentile par nombre de réponses
Votre historique - résultats
Vous n’avez pas pris ce quiz depuis la dernière actualisation